Jardines de media noche
-д хадгалсан:
| Үндсэн зохиолч: | |
|---|---|
| Формат: | Ном |
| Хэл сонгох: | испани |
| Хэвлэсэн: |
Valparaíso
Imprenta Victoria
1900
|
| Нөхцлүүд: | |
| Шошгууд: |
Шошго нэмэх
Шошго байхгүй, Энэхүү баримтыг шошголох эхний хүн болох!
|
MARC
| LEADER | 00000nam a2200000 a 4500 | ||
|---|---|---|---|
| 001 | UCZ1651 | ||
| 003 | CL-VaPUC | ||
| 008 | 950831e19000000CL |||||||||||||||||spa|d | ||
| 082 | 0 | 4 | |a Ch861 |b SOL |2 21 |
| 100 | 0 | |a Solari, Armando |e author |9 345280 | |
| 245 | 1 | 0 | |a Jardines de media noche |
| 300 | |a 112 p | ||
| 942 | |c BK | ||
| 945 | |d 19950831 00:00:00 |a rbrito | ||
| 260 | |a Valparaíso |b Imprenta Victoria |c 1900 | ||
| 650 | 7 | |a PPOESIAS CHILENAS |2 CL-VaPUC |9 345281 | |
| 583 | |a last modification |c 19950831 00:00:00 |k Rodrigo Vera | ||
| 999 | |c 238370 |d 238368 | ||
| 952 | |0 0 |1 0 |4 0 |6 CH_861_000000000000000_SOL_1900 |7 0 |8 A |9 248530 |a BIBEDU |b BIBEDU |d 2019-11-18 |i 3106802 |o Ch861 SOL 1900 |p 3106802 |r 2019-11-18 |w 2019-11-18 |y BK |k LIT | ||